Institutional leases in the 21st century (Record no. 105823)
[ view plain ]
| 000 -LEADER | |
|---|---|
| fixed length control field | 01719cam a2200325 4500 |
| 001 - CONTROL NUMBER | |
| control field | L134861 |
| 008 - FIXED-LENGTH DATA ELEMENTS--GENERAL INFORMATION | |
| fixed length control field | 060907n2006 000 0 eng u |
| 020 ## - INTERNATIONAL STANDARD BOOK NUMBER | |
| International Standard Book Number | 0728205092 |
| 022 ## - INTERNATIONAL STANDARD SERIAL NUMBER | |
| International Standard Serial Number | 9780728205093 |
| 035 ## - SYSTEM CONTROL NUMBER | |
| System control number | (Sirsi) u134861 |
| 041 0# - LANGUAGE CODE | |
| Language code of text/sound track or separate title | eng |
| 050 04 - LIBRARY OF CONGRESS CALL NUMBER | |
| Classification number | 346.4104343 $2 18 |
| 100 ## - MAIN ENTRY--PERSONAL NAME | |
| Personal name | Edwards, Chris |
| 245 00 - TITLE STATEMENT | |
| Title | Institutional leases in the 21st century |
| 260 ## - PUBLICATION, DISTRIBUTION, ETC. | |
| Place of publication, distribution, etc. | London |
| Name of publisher, distributor, etc. | EG Books |
| Date of publication, distribution, etc. | 2006 |
| 300 ## - PHYSICAL DESCRIPTION | |
| Extent | ii, 180p. |
| Dimensions | 22cm. |
| 350 ## - PRICE (NR) (BK AM CF MU VM SE) [OBSOLETE] | |
| Price | 29.99 |
| 505 0# - FORMATTED CONTENTS NOTE | |
| Formatted contents note | Evolution of the 'institutional lease' -- Repairs and service charges -- User and alteration clauses -- The parties contract -- Rent reviews -- Dispute resolution -- Break clauses -- Dispute resolution -- Break clauses -- Lease renewals -- Encouraging shorter leases -- The 2002 code of practice for commercial leases -- From feudalism to consumerism |
| 520 ## - SUMMARY, ETC. | |
| Summary, etc. | Examines the main drivers for change that have emerged since the early 1990s, such as legislation on privy contract, the introduction of Stamp Duty Land Tax, the Commercial Lease Code, and proposed changes in accounting standards. Also looks at some examples of the institutions' response to these pressures and how commercial property is let abroad. |
| 590 ## - LOCAL NOTE (RLIN) | |
| Local note | KA |
| 650 ## - SUBJECT ADDED ENTRY--TOPICAL TERM | |
| Topical term or geographic name entry element | PROPERTY-COMMERCIAL PROPERTY-LEASEHOLD COMMERCIAL PROPERTY-COMMERCIAL LANDLORD AND TENANT-BUSINESS TENANCIES |
| 650 ## - SUBJECT ADDED ENTRY--TOPICAL TERM | |
| Topical term or geographic name entry element | CODE FOR LEASING BUSINESS PREMISES IN ENGLAND AND WALES |
| 650 ## - SUBJECT ADDED ENTRY--TOPICAL TERM | |
| Topical term or geographic name entry element | STAMP DUTY LAND TAX |
| 651 #4 - SUBJECT ADDED ENTRY--GEOGRAPHIC NAME | |
| Geographic name | United Kingdom |
| Chronological subdivision | |
| 690 ## - LOCAL SUBJECT ADDED ENTRY--TOPICAL TERM (OCLC, RLIN) | |
| Topical term or geographic name as entry element | PROPERTY-COMMERCIAL PROPERTY-COMMERCIAL LANDLORD AND TENANT |
| 690 ## - LOCAL SUBJECT ADDED ENTRY--TOPICAL TERM (OCLC, RLIN) | |
| Topical term or geographic name as entry element | PROPERTY-COMMERCIAL PROPERTY-COMMERCIAL LANDLORD AND TENANT-COMMERCIAL SERVICE CHARGES |
| 700 1# - ADDED ENTRY--PERSONAL NAME | |
| Personal name | Krendel, Paul |
| 942 ## - ADDED ENTRY ELEMENTS (KOHA) | |
| Suppress in OPAC | 0 |
| Withdrawn status | Lost status | Source of classification or shelving scheme | Damaged status | Not for loan | Home library | Current library | Shelving location | Date acquired | Cost, normal purchase price | Total Checkouts | Full call number | Barcode | Date last seen | Date last checked out | Copy number | Cost, replacement price | Price effective from | Koha item type |
|---|---|---|---|---|---|---|---|---|---|---|---|---|---|---|---|---|---|---|
| Dewey Decimal Classification | London | London | Books | 14/12/2006 | 25.49 | 20 | 346.4104343 EDW | 30073472 | 06/08/2019 | 01/09/2009 | 1 | 25.49 | 06/08/2019 | Book |